000
00365nam a22001577a 4500
003
MPLRDC
005
20220104143400.0
008
210129b ||||| |||| 00| 0 eng d
082
_a
997.9 ZYM c.2
100
_a
朱育民等著
245
_a
游艺百宝箱
_c
260
_a
_b
湖南人民出版社
_c
300
_b
平
650
_a
942
_c
BK
_o
997.9 ZYM c.2
999
_c
39354
_d
39344